000 00570nam a2200217Ia 4500
003 OSt
005 20221007083153.0
006 a|||||r|||| 00| 0
007 ta
008 221006b |||||||| |||| 00| 0 eng d
024 _a38,637
037 _cDissertations
040 _aFLL
_cFLL
_beng
041 _2eng
_aeng
100 _aBimla Kumari
245 0 _aInternational sea-bed authority
_b Exploration and exploitation of sea-bed resources
260 _c1982
300 _a184p
_ccm.
942 _cDIS
_2CC
999 _c1169072
_d1169072